00978cam a2200241 a 450000100100000000500170001000800410002708200170006810000250008524500510011026000340016130000200019550001970021561000580041265000180047065000220048865000310051091000340054191000070057595201280058299900130071004000130072300000100520240510073816.0781115s1974 ja 000 0 eng  a294.3bI262t1 aIkeda, Daisaku9342810aToward a third great revival /cDaisaku Ikeda. aTokyo :bSoka Gakkai,c1974?. a23 p. ;c21 cm. aTraducción de Charles S. Terry de la conferencia dada por D. Ikeda en la 15 ª asamblea general de la División de Estudiantes de la Soka Gakkai, Auditorio de la Universidad Nihon, de 1974.20aSOKA GAKKAIxDIRECCIONES, ENSAYOS, CONFERENCIAS93504 4aBudismo93429 0aFilosofía 9813 4aBudismobENSEÑANZA93505 aCatalogación por Copia / LC aWM 001052758DSaBNPHUbBNPHUcHDd2009-08-12iLF1l0o294.3 I262tp1005-10r2020-06-25w2020-06-25yLF1ZPréstamo interno c984d984 aDO-SdBNP